01014nam a2200205 a 45000010005000000030005000050050017000100080041000270400020000682450154000882600028002423000011002704900034002815000290003156100034006056500047006399420013006869990015006999520094007144296CDMR20131121105712.0130130s1978||||||||||||||||||||||||||||d aCDMRbcatcCDMR 0aDe la prensa, por la prensa, para la prensa (y algo más)b: un estudio crítico del funcionamiento interno de la profesión de las noticias [...] aMéxicoc1978bGernika a251 p.0 aPolítica y Comunicacióv1 aTítol complet: De la prensa, por la prensa, para la prensa (y algo más) : un estudio crítico del funcionamiento interno de la profesión de las noticias. Desde las páginas informativas, los editoriales, las columnas y los memoranda internos al personal del The Washington Post2 94137aWashington Post (Diari)0494094aPeriodismezEstats Units d'Amèrica cMON2udc c4296d4296 00104070aCDMRbCDMRd2013-01-16l0oDt 1/13pCDMR13119954r2013-01-16w2013-01-16yMON